00439nam a22001457a 4500020001800000082001600018100002400034245004100058260002700099300001000126650003100136942000700167999001900174952010000193 a9780340931745 a823.008 BLY aBlyton, Enid911689 aFamous five:five go to billcock hill aNEW YORKbHODDERc2001 a205 P aENGLISH LITERATURE-STORIES cBK c567050d567050 00104070aCEMEbCEMEcGENd2017-03-10l0o823.008 BLYpCEME-39655r2021-06-28w2021-06-28yBK